|
|
|
|
| LEADER |
00000cas a2200000 a 4500 |
| 001 |
vtls009183364 |
| 003 |
SK-MaSNL |
| 005 |
20260228161119.0 |
| 008 |
080212d20072007xo x|p 0 b0slo |
| 020 |
|
|
|a 9788085161472 (brož. : 2007)
|
| 035 |
|
|
|a (SVKBB)vtls000282789
|
| 040 |
|
|
|a SVKBB
|b slo
|c SVKBB
|d SNK
|e AACR2
|
| 041 |
0 |
|
|a slo
|
| 044 |
|
|
|a xo
|c SK
|
| 072 |
|
7 |
|a 82:06
|x Literárne organizácie, súťaže
|2 konspekt
|
| 080 |
|
|
|a 82:061
|2 2011
|
| 080 |
|
|
|a 351.752.17(051)
|2 2011
|
| 080 |
|
|
|a 050
|2 2011
|
| 245 |
0 |
0 |
|a Silans
|b časopis Literárneho klubu Silans pri Regionálnom osvetovom stredisku v Žiline
|
| 260 |
|
|
|a Žilina
|b Literárny klub Silans
|c 2007-2007
|
| 300 |
|
|
|a 1 zv.
|c 20 cm
|
| 310 |
|
|
|a Občasník
|
| 362 |
0 |
|
|a Č. 1 (2007)-č. 2 (2007)
|
| 500 |
|
|
|a Publikácia má pridelené číslo ISBN
|
| 500 |
|
|
|a Zodpovedná red.: Soňa Řeháková
|
| 650 |
0 |
7 |
|a literárne kluby
|2 SNKPH
|9 29112
|
| 655 |
|
7 |
|a časopisy záujmových združení a spolkov
|2 SNKPH
|9 141943
|
| 700 |
1 |
|
|a Řeháková, Soňa
|4 lso
|9 268006
|
| 910 |
|
|
|a snk
|
| 919 |
|
|
|a 978-80-85161-47-2
|
| 999 |
|
|
|c 4365
|d 6295
|
| 952 |
|
|
|0 0
|1 0
|4 0
|7 0
|8 0
|a SNK
|b SNK
|d 2021-05-19
|i snk2021/5049
|l 0
|o snkČSC 4158/2007
|p 17A1433434
|r 2026-02-21 19:52:45
|t č. 1-2
|w 2026-02-21
|y PREZ
|
| 952 |
|
|
|0 0
|1 0
|4 0
|7 0
|8 0
|a SNK
|b SNK
|d 2021-05-19
|i snk2021/5050
|l 0
|o snkČSC 4158/2007 D1
|p 17A1433435
|r 2026-02-21 19:52:45
|t č. 1-2
|w 2026-02-21
|y PREZ
|